000 00781cam a2200181 4500
001 WS109697
008 000000n 000 0 eng u
035 _a(Sirsi) u109697
110 _aInstitute of Directors
_9795
245 _aInstitute of Directors
520 _aWeb site for this organisation which aims 'to be the prime organisation helping directors to fulfil their leadership responsibilities'. Includes a news service, a business information service, an overview of company law and links to articles on boardroom practice.
650 _aCOMPANY LAW
650 _aManagement consultancy
_96255
650 _aORGANISATION
690 _aMANAGEMENT-BUSINESS MANAGEMENT
856 4 0 _uhttps://www.iod.co.uk
_zView the website free of charge at www.iod.co.uk...
942 _n0
999 _c119727
_d119727